5HLuxD.jpg

KING HENRY VIII SENIOR AND PRIMARY SCHOOL LIBRARY OPAC

The five temptations of a CEO : (Record no. 3345)

000 -LEADER
fixed length control field 00733cam a2200253 a 4500
001 - CONTROL NUMBER
control field 3086870
003 - CONTROL NUMBER IDENTIFIER
control field OSt
005 - DATE AND TIME OF LATEST TRANSACTION
control field 20231120151929.0
008 - FIXED-LENGTH DATA ELEMENTS--GENERAL INFORMATION
fixed length control field 980330s1998 cau 000 1 eng
010 ## - LIBRARY OF CONGRESS CONTROL NUMBER
LC control number 98009097
020 ## - INTERNATIONAL STANDARD BOOK NUMBER
International Standard Book Number 9780787944339
040 ## - CATALOGING SOURCE
Original cataloging agency DLC
Transcribing agency DLC
Modifying agency DLC
-- KH8
082 ## - DEWEY DECIMAL CLASSIFICATION NUMBER
Classification number 813.54 LEN
100 1# - MAIN ENTRY--PERSONAL NAME
Personal name Lencioni, Patrick,
Dates associated with a name 1965-
Relator term author.
245 14 - TITLE STATEMENT
Title The five temptations of a CEO :
Remainder of title a leadership fable /
Statement of responsibility, etc. Patrick Lencioni.
250 ## - EDITION STATEMENT
Edition statement 1st ed.
260 ## - PUBLICATION, DISTRIBUTION, ETC.
Place of publication, distribution, etc. San Francisco :
Name of publisher, distributor, etc. Jossey-Bass,
Date of publication, distribution, etc. c1998.
300 ## - PHYSICAL DESCRIPTION
Extent ix, 134 p. ;
Dimensions 22 cm.
650 #0 - SUBJECT ADDED ENTRY--TOPICAL TERM
Topical term or geographic name entry element Chief executive officers
General subdivision Fiction.
650 #0 - SUBJECT ADDED ENTRY--TOPICAL TERM
Topical term or geographic name entry element Leadership
General subdivision Fiction.
655 #7 - INDEX TERM--GENRE/FORM
Genre/form data or focus term Didactic fiction.
Source of term gsafd
655 #7 - INDEX TERM--GENRE/FORM
Genre/form data or focus term Fables.
Source of term gsafd
942 ## - ADDED ENTRY ELEMENTS (KOHA)
Source of classification or shelving scheme
Koha item type Books - Non Ficton
Holdings
Withdrawn status Lost status Source of classification or shelving scheme Damaged status Not for loan Collection code Permanent Location Current Location Shelving location Date acquired Full call number Barcode Date last seen Price effective from Koha item type
          Non-Fiction KH8 Senior School Library KH8 Senior School Library Non Fiction 2023-11-20 813.54 LEN 3KHSL000101999 2023-11-20 2023-11-20 Books - Non Ficton

Powered By KH8 IT Dept